Managerial accounting. (Record no. 2660)

MARC details
000 -LEADER
fixed length control field 01382cam a22002174a 4500
020 ## - INTERNATIONAL STANDARD BOOK NUMBER
ISBN 0072834943 (alk. paper)
020 ## - INTERNATIONAL STANDARD BOOK NUMBER
ISBN 0072986174 (aie : alk. paper)
050 00 - CALL NUMBER
Classification number HF5657.4
Item number .G37 2006
100 1# - AUTHOR
Personal name Garrison, Ray H.
245 10 - TITLE
Title Managerial accounting.
250 ## - EDITION
Edition statement 11th ed. /
260 ## - PUBLICATION INFORMATION
Place of publication Boston :
Name of publisher McGraw-Hill/Irwin,
Year of publication 2006.
300 ## - DESCRIPTION
Number of Pages xvi, 863 p. :
Other physical details col. ill. ;
Dimensions 29 cm.
500 ## - NOTES
General note Various multi-media instructional materials are available to supplement the text.
500 ## - NOTES
General note Includes index.
505 ## - FORMATTED CONTENTS NOTE
Table of Content Managerial accounting and the business environment --<br/>Cost terms, concepts, and classifications --<br/>Systems design : job-order costing --<br/>Systems design : process costing --<br/>Cost behavior : analysis and use --<br/>Cost-volume-profit relationships --<br/>Variable costing : a tool for management --<br/>Activity-based costing : a tool to aid decision making --<br/>Profit planning --<br/>Standard costs and the balanced scorecard --<br/>Flexible budgets and overhead analysis --<br/>Segment reporting and decentralization --<br/>Relevant costs for decision making --<br/>Capital budgeting decisions --<br/>Service department costing : an activity approach --<br/>"How well am I doing?" statement of cash flows --<br/>"How well am I doing?" financial statement analysis.
650 #0 - SUBJECTS
Topical Term Managerial accounting.
700 1# - OTHER AUTHORS
Personal name Noreen, Eric W.
700 1# - OTHER AUTHORS
Personal name Brewer, Peter C.
942 ## - ADDED ENTRY ELEMENTS (KOHA)
Koha item type Books
Holdings
Withdrawn status Lost status Collection code Home library Current library Shelving location Date acquired Full call number Copy number Koha item type
    Reference Methodist University Library Main Methodist University Library Main General Stacks 01/03/2008 HF5657.4 .G37 2006 22071 Books
Copyright © 2026  MUG Library